00729nam a2200289Ia 4500008004100000020001400041050000800055050001400063100002100077245003700098245003900135245002400174260001300198260001600211260000900227300001500236300002600251300001000277440001800287650001300305650001400318650002700332650004000359650001700399700001200416700001100428171120s9999 xx 000 0 und d a753405067 a781 bP152 1993 aPaker, Josephine aI wonder why flutes have holes : band orther questions about music / cby Josephine Paker. aLondon : bKingfisher, c1993 a32 pages : bcolor illustrations ; c29cm. aI wonder why. aMusic -- aMusic --  aQuestions and answers. xMiscellanea -- Juvenile literature. xMiscellanea. aSeries. aTitle.